Statistics for Top 10 best nightlife cities in the world

Click here to take the quiz!

General Stats

  • This quiz has been taken 212 times
  • The average score is 7 of 10

Answer Stats

RankContinentCity% Correct
3North AmericaNew York City
94%
5EuropeLondon
92%
2EuropeBerlin
75%
6EuropeBarcelona
71%
9South AmericaBuenos Aires
66%
4South AmericaSao Paulo
66%
8North AmericaLas Vegas
63%
10AsiaBangkok
55%
1EuropeIbiza
44%
7North AmericaMontréal
44%

Score Distribution

Percentile by Number Answered

Percent of People with Each Score

Your Score History

You have not taken this quiz